Normal view
MARC view
- Muhammad Hamidullah
Entry Personal Name
001 - CONTROL NUMBER
- control field: 9461
003 - CONTROL NUMBER IDENTIFIER
- control field: NUST
005 - DATE AND TIME OF LATEST TRANSACTION
- control field: 20180122103520.0
008 - FIXED-LENGTH DATA ELEMENTS
- fixed length control field: 180122|| aca||aabn | a|a d
040 ## - CATALOGING SOURCE
- Original cataloging agency: NUST
- Transcribing agency: NUST
100 ## - HEADING--PERSONAL NAME
- Personal name: Muhammad Hamidullah
670 ## - SOURCE DATA FOUND
- Source citation: Work cat.: (NUST)321342: Muhammad Hamidullah, The First Written Constitution in the World : An Important Document of the time of the Holy Prophet, 2011
